000 00614cam a22001337a 4500
008 180718b1982 xxu||||| |||| 00| 0 eng d
082 _aBA27x5453 K45C
100 _aKerala. Commission on the socio-economic conditions of scheduled castes and scheduled tribes
245 _aCommission on the socio-economic conditions of scheduled castes and scheduled tribes (constituted under the Commissions of Inquiry Act, 1952) (Central Act 60 of 1952): report
260 _aTrivandrum
_bThe author
_c1982
300 _a3v.
500 _aContents: v.1. has two Parts. Pt. 1. report. 119p
700 _aVijayanath, Babu, Chairman
999 _c489171
_d489171